[Event "18. Open de la Constitución 2016"]
[Site "San Sebastian de los Reyes ES"]
[Date "2016.12.08"]
[Round "6.3"]
[White "Suarez Uriel, Adrian"]
[Black "Solaesa Navalpotro, Luis Julio"]
[Result "1-0"]
[WhiteElo "2360"]
[BlackElo "2209"]
[PlyCount "79"]
[EventDate "2016.12.03"]
[EventType "swiss"]
[EventRounds "9"]
[EventCountry "ESP"]
[SourceTitle "Ajedrez en Madrid"]
[Source "lmi"]
[SourceDate "2016.12.03"]

1. e4 e5 2. Nf3 Nc6 3. Bc4 Bc5 4. d3 d6 5. c3 Nf6 6. O-O a6 7. a4 Ba7 8. Na3
O-O 9. Nc2 Ne7 10. Ne3 Ng6 11. Qb3 c6 12. Qc2 h6 13. Ba2 Re8 14. Nf5 Be6 15.
Bxe6 fxe6 16. Ne3 Kh8 17. Nc4 Qc7 18. d4 exd4 19. cxd4 e5 20. dxe5 Nxe5 21.
Ncxe5 dxe5 22. Nh4 Qf7 23. Ra3 Rad8 24. Nf5 Rf8 25. Rf3 Qh5 26. Rh3 Qf7 27.
Bxh6 gxh6 28. Qc1 Nh7 29. Rxh6 Rg8 30. Rd1 Bd4 31. Kh1 Rg6 32. Rh4 Rdg8 33. g3
c5 34. Rd3 Qe6 35. Qd1 Rg5 36. f4 Rxf5 37. exf5 Qd5+ 38. Qf3 e4 39. Rxh7+ Kxh7
40. Qh5+ 1-0

[Event "18. Open de la Constitución 2016"]
[Site "San Sebastian de los Reyes ES"]
[Date "2016.12.08"]
[Round "6.4"]
[White "Lozano Suarez, Luis Miguel"]
[Black "Martin Duque, Jesus"]
[Result "0-1"]
[WhiteElo "2147"]
[BlackElo "2295"]
[PlyCount "108"]
[EventDate "2016.12.03"]
[EventType "swiss"]
[EventRounds "9"]
[EventCountry "ESP"]
[SourceTitle "Ajedrez en Madrid"]
[Source "lmi"]
[SourceDate "2016.12.03"]

1. c4 e6 2. g3 Nf6 3. Bg2 d5 4. Nf3 Be7 5. O-O O-O 6. Qc2 d4 7. d3 c5 8. e3 Nc6
9. a3 a5 10. exd4 cxd4 11. Bg5 e5 12. Bxf6 Bxf6 13. Nbd2 Be6 14. Rfe1 Qc7 15.
Rab1 Be7 16. c5 f6 17. b4 axb4 18. axb4 Ra2 19. Qc1 b5 20. cxb6 Qxb6 21. Nc4
Qd8 22. b5 Nb4 23. Rb3 Nc2 24. Rd1 e4 25. Ne1 Bxc4 26. dxc4 d3 27. Bxe4 Nxe1
28. Bd5+ Kh8 29. Qb1 Qa5 30. Rxe1 Bc5 31. Rf1 Bxf2+ 32. Kh1 Bxg3 33. Rb2 Rxb2
34. Qxb2 Be5 35. Qxe5 d2 36. Qa1 Qb4 37. Qd4 Re8 38. Bf3 h6 39. Rd1 Qb3 40. Bh5
Re1+ 41. Kg2 Rxd1 42. Bxd1 Qxd1 43. Qd8+ Kh7 44. Qd3+ Kg8 45. Qd5+ Kf8 46. Qd8+
Kf7 47. Qd5+ Kg6 48. Qe4+ f5 49. Qe6+ Kg5 50. Qe3+ Kh5 51. Kf2 Qc2 52. Qe8+ g6
53. Qe2+ Kh4 54. Kf3 d1=Q 0-1

[Event "18. Open de la Constitución 2016"]
[Site "San Sebastian de los Reyes ES"]
[Date "2016.12.08"]
[Round "6.5"]
[White "Rottenwohrer Suarez, Juan"]
[Black "Alfaya Marcelo, Roberto"]
[Result "1/2-1/2"]
[WhiteElo "2171"]
[BlackElo "2114"]
[PlyCount "92"]
[EventDate "2016.12.03"]
[EventType "swiss"]
[EventRounds "9"]
[EventCountry "ESP"]
[SourceTitle "Ajedrez en Madrid"]
[Source "lmi"]
[SourceDate "2016.12.03"]

1. Nf3 Nf6 2. c4 b6 3. g3 Bb7 4. Bg2 e6 5. O-O Be7 6. Nc3 O-O 7. b3 c5 8. Bb2
d6 9. d3 a6 10. a3 Nc6 11. Ne1 Qd7 12. e3 Rfe8 13. Nc2 Rab8 14. Rb1 Ne5 15. d4
Bxg2 16. dxe5 Bxf1 17. exf6 Bxc4 18. bxc4 Bxf6 19. Qg4 b5 20. cxb5 axb5 21. Ne4
Bxb2 22. Rxb2 Qe7 23. Ng5 h6 24. Nf3 Qf6 25. Rb3 d5 26. Qf4 Qxf4 27. gxf4 f6
28. Kf1 Kf7 29. Ke2 g5 30. Nfe1 e5 31. fxe5 fxe5 32. Rc3 c4 33. Kd2 d4 34. exd4
exd4 35. Rf3+ Kg6 36. Nxd4 b4 37. axb4 Rxb4 38. Nec2 Rb1 39. Kc3 Rh1 40. h3 Re4
41. Kxc4 Rh4 42. Kd3 R4xh3 43. Rxh3 Rxh3+ 44. Ke2 Rc3 45. Ne3 h5 46. Kf1 Ra3
1/2-1/2

[Event "18. Open de la Constitución 2016"]
[Site "San Sebastian de los Reyes ES"]
[Date "2016.12.08"]
[Round "6.6"]
[White "Quevedo Marin, Manuel"]
[Black "Ruiz Quevedo, Andres"]
[Result "1-0"]
[WhiteElo "2267"]
[BlackElo "1953"]
[PlyCount "67"]
[EventDate "2016.12.03"]
[EventType "swiss"]
[EventRounds "9"]
[EventCountry "ESP"]
[SourceTitle "Ajedrez en Madrid"]
[Source "lmi"]
[SourceDate "2016.12.03"]

1. e4 c5 2. Nf3 g6 3. d4 cxd4 4. Nxd4 Bg7 5. Nc3 Nc6 6. Be3 Nf6 7. Bc4 O-O 8.
Bb3 a5 9. O-O d6 10. f3 Nd7 11. Nd5 Nc5 12. Bc4 Nxd4 13. Bxd4 Ne6 14. Bb6 Qe8
15. c3 Bd7 16. f4 Bc6 17. f5 Bxd5 18. Qxd5 Nd8 19. fxg6 hxg6 20. Bb5 Nc6 21.
Rf3 Qc8 22. Raf1 Qe6 23. Rxf7 Qxf7 24. Rxf7 Rxf7 25. Bc4 Ne5 26. Qxb7 Raf8 27.
Bxf7+ Rxf7 28. Qa8+ Kh7 29. Qxa5 Rf4 30. Qd5 Ng4 31. a4 Nf6 32. Qd1 Nd7 33. a5
Rxe4 34. Bd4 1-0

[Event "18. Open de la Constitución 2016"]
[Site "San Sebastian de los Reyes ES"]
[Date "2016.12.08"]
[Round "6.7"]
[White "Hernandez Ramos, David"]
[Black "Romero Fite, Miguel"]
[Result "1-0"]
[WhiteElo "1979"]
[BlackElo "1790"]
[PlyCount "41"]
[EventDate "2016.12.03"]
[EventType "swiss"]
[EventRounds "9"]
[EventCountry "ESP"]
[SourceTitle "Ajedrez en Madrid"]
[Source "lmi"]
[SourceDate "2016.12.03"]

1. d4 Nf6 2. c4 g6 3. Nf3 Bg7 4. Nc3 O-O 5. g3 d6 6. Bg2 c6 7. O-O Qa5 8. Qc2
Nbd7 9. b3 e5 10. Bb2 exd4 11. Nxd4 Nb6 12. Rfd1 d5 13. cxd5 Nfxd5 14. a3 Nxc3
15. Bxc3 Qh5 16. Qb2 Qh6 17. Rd2 Rd8 18. Rad1 Nd5 19. Bxd5 Rxd5 20. e4 Rd8 21.
Nf5 1-0

[Event "18. Open de la Constitución 2016"]
[Site "San Sebastian de los Reyes ES"]
[Date "2016.12.08"]
[Round "6.8"]
[White "Hernandez Ramos, Alberto"]
[Black "Cabanas Bravo, Juan Andres"]
[Result "0-1"]
[WhiteElo "1666"]
[BlackElo "1971"]
[PlyCount "146"]
[EventDate "2016.12.03"]
[EventType "swiss"]
[EventRounds "9"]
[EventCountry "ESP"]
[SourceTitle "Ajedrez en Madrid"]
[Source "lmi"]
[SourceDate "2016.12.03"]

1. e4 e5 2. Nf3 Nc6 3. Bc4 Bc5 4. c3 Nf6 5. d4 exd4 6. cxd4 Bb4+ 7. Bd2 Bxd2+
8. Nbxd2 d5 9. exd5 Nxd5 10. O-O O-O 11. Nb3 Bg4 12. Rc1 Nf4 13. Re1 Qf6 14. d5
Rad8 15. Re4 Ne7 16. Qd4 Bxf3 17. Qxf6 gxf6 18. gxf3 Nexd5 19. Nc5 b6 20. Na6
c5 21. Rce1 Kh8 22. Kf1 Rg8 23. Nc7 f5 24. Nxd5 fxe4 25. Nxf4 exf3 26. Bxf7 Rg4
27. Nh5 Rg2 28. Bd5 Rf8 29. Ng3 Rxh2 30. Re3 Rh4 31. Bxf3 Rc4 32. Kg2 Rc2 33.
Rb3 Rf4 34. a3 Rd4 35. Ne4 Kg7 36. Kg3 h6 37. Kg2 Kf7 38. Kg3 Ke7 39. Kg2 Kd7
40. Kg3 Kc7 41. Bg2 a6 42. f4 Rxg2+ 43. Kxg2 Rxe4 44. Kf3 Re1 45. Kg4 b5 46.
Rh3 Re6 47. Rh2 c4 48. Kf5 Kd6 49. Rd2+ Ke7 50. Rc2 Kf7 51. Rd2 Rf6+ 52. Ke5 h5
53. Rh2 Rh6 54. Kf5 a5 55. Kg5 Rh8 56. Rd2 h4 57. Kf5 h3 58. Rh2 b4 59. axb4
axb4 60. Ke4 Rh4 61. Ke3 Kf6 62. Ke4 Ke6 63. Kf3 Kf5 64. Kg3 Rh6 65. Kf2 Kxf4
66. Kg1 c3 67. bxc3 bxc3 68. Rc2 Rg6+ 69. Kh1 Rg3 70. Ra2 Rd3 71. Ra8 c2 72.
Rf8+ Kg5 73. Rg8+ Kf6 0-1

[Event "18. Open de la Constitución 2016"]
[Site "San Sebastian de los Reyes ES"]
[Date "2016.12.08"]
[Round "6.9"]
[White "Bustos Serrano, Doroteo"]
[Black "Alvarez Gonzalez, Eduardo"]
[Result "1/2-1/2"]
[WhiteElo "2035"]
[BlackElo "1816"]
[PlyCount "72"]
[EventDate "2016.12.03"]
[EventType "swiss"]
[EventRounds "9"]
[EventCountry "ESP"]
[SourceTitle "Ajedrez en Madrid"]
[Source "lmi"]
[SourceDate "2016.12.03"]

1. Nf3 Nf6 2. g3 b6 3. Bg2 Bb7 4. O-O e6 5. d3 d5 6. Nbd2 Nbd7 7. Re1 Be7 8. e4
dxe4 9. dxe4 c5 10. e5 Nd5 11. h4 Qc7 12. a3 c4 13. Nf1 h6 14. N1h2 b5 15. Nd4
Qb6 16. Qg4 g6 17. c3 Nc5 18. Re2 Nd3 19. Be4 Nxc1 20. Rxc1 h5 21. Qh3 Rg8 22.
Nhf3 Nc7 23. Ng5 Bxg5 24. hxg5 Bxe4 25. Rxe4 Nd5 26. Qf1 Kf8 27. a4 a6 28. Ra1
Kg7 29. Qe2 Rgb8 30. a5 Qc7 31. Nf3 Rd8 32. Rd4 Ne7 33. Nd2 Nc6 34. Rxd8 Rxd8
35. Re1 Ne7 36. Nf3 Nd5 1/2-1/2

[Event "18. Open de la Constitución 2016"]
[Site "San Sebastian de los Reyes ES"]
[Date "2016.12.08"]
[Round "6.10"]
[White "Marcos Herrero, Francisco"]
[Black "De La Pena Garcia, Blanca"]
[Result "0-1"]
[WhiteElo "1996"]
[BlackElo "1815"]
[PlyCount "64"]
[EventDate "2016.12.03"]
[EventType "swiss"]
[EventRounds "9"]
[EventCountry "ESP"]
[SourceTitle "Ajedrez en Madrid"]
[Source "lmi"]
[SourceDate "2016.12.03"]

1. Nf3 Nf6 2. c4 g6 3. b4 Bg7 4. Bb2 O-O 5. g3 d6 6. Bg2 e5 7. d3 Ne8 8. O-O f5
9. Qb3 Kh8 10. Nc3 c6 11. a4 f4 12. Rad1 g5 13. gxf4 g4 14. Ne1 exf4 15. Ne4
Rg8 16. f3 g3 17. hxg3 d5 18. gxf4 dxe4 19. dxe4 Qh4 20. e3 Bh3 21. Rf2 Nf6 22.
Bxh3 Qxh3 23. Rg2 Nbd7 24. Rdd2 Nh5 25. Rg4 Bf6 26. Rdg2 Rxg4 27. fxg4 Nxf4 28.
Bxf6+ Nxf6 29. Qb2 Qxe3+ 30. Kh2 Rf8 31. g5 Qxe1 32. gxf6 Qh4+ 0-1

[Event "18. Open de la Constitución 2016"]
[Site "San Sebastian de los Reyes ES"]
[Date "2016.12.08"]
[Round "6.11"]
[White "Perez Ordonez, Jose Ramon"]
[Black "Hernandez Recio, Roberto"]
[Result "1/2-1/2"]
[WhiteElo "1971"]
[BlackElo "1800"]
[PlyCount "46"]
[EventDate "2016.12.03"]
[EventType "swiss"]
[EventRounds "9"]
[EventCountry "ESP"]
[SourceTitle "Ajedrez en Madrid"]
[Source "lmi"]
[SourceDate "2016.12.03"]

1. b3 e5 2. Bb2 Nc6 3. e3 a6 4. g3 Nf6 5. Bg2 d5 6. Ne2 Bd6 7. d3 Be6 8. a3 Qd7
9. h3 O-O-O 10. Nd2 Rhe8 11. b4 Kb8 12. Nb3 d4 13. exd4 Bxb3 14. cxb3 Nxd4 15.
Bxd4 exd4 16. O-O c6 17. Rc1 Be5 18. Rc4 Nd5 19. Re1 Nb6 20. Rc1 Nd5 21. Qd2 f5
22. Rc4 Nb6 23. Rcc1 Nd5 1/2-1/2

[Event "18. Open de la Constitución 2016"]
[Site "San Sebastian de los Reyes ES"]
[Date "2016.12.08"]
[Round "6.12"]
[White "Vazquez Gonzalez, Jesus"]
[Black "Gil Fernandez, Daniel"]
[Result "1-0"]
[WhiteElo "1966"]
[BlackElo "1777"]
[PlyCount "59"]
[EventDate "2016.12.03"]
[EventType "swiss"]
[EventRounds "9"]
[EventCountry "ESP"]
[SourceTitle "Ajedrez en Madrid"]
[Source "lmi"]
[SourceDate "2016.12.03"]

1. e4 e6 2. d4 d5 3. Bd3 dxe4 4. Bxe4 c5 5. Ne2 Nc6 6. c3 Nf6 7. Bf3 cxd4 8.
cxd4 Bd6 9. O-O O-O 10. Nbc3 a6 11. Bg5 h6 12. Bh4 g5 13. Bxc6 bxc6 14. Bg3 Nd5
15. Ne4 Bc7 16. Qc1 f5 17. Bxc7 Qxc7 18. Nc5 e5 19. Re1 e4 20. Qc4 Kh7 21. Rac1
Rb8 22. Nxe4 Nb6 23. Qc5 Be6 24. Qxc6 Qxc6 25. Rxc6 Bxa2 26. Nf6+ Kg7 27. Nh5+
Kh7 28. Nc3 Rfe8 29. Rxe8 Rxe8 30. Nf6+ 1-0

[Event "18. Open de la Constitución 2016"]
[Site "San Sebastian de los Reyes ES"]
[Date "2016.12.08"]
[Round "6.13"]
[White "Martin Manzano, Antonio"]
[Black "Quintero Torres, Pedro"]
[Result "0-1"]
[WhiteElo "1818"]
[BlackElo "1932"]
[PlyCount "26"]
[EventDate "2016.12.03"]
[EventType "swiss"]
[EventRounds "9"]
[EventCountry "ESP"]
[SourceTitle "Ajedrez en Madrid"]
[Source "lmi"]
[SourceDate "2016.12.03"]

1. b3 d5 2. Bb2 c5 3. e3 Nf6 4. f4 g6 5. Nf3 Bg7 6. Bb5+ Bd7 7. Bxd7+ Nbxd7 8.
O-O O-O 9. d3 Rc8 10. c4 Qb6 11. Qe2 e6 12. Nbd2 Rfe8 13. Qf2 Ng4 0-1

[Event "18. Open de la Constitución 2016"]
[Site "San Sebastian de los Reyes ES"]
[Date "2016.12.08"]
[Round "6.15"]
[White "Camarero Izquierdo, Juan Carlos"]
[Black "Lozano Freras, Sergio"]
[Result "1-0"]
[WhiteElo "1760"]
[BlackElo "1904"]
[PlyCount "155"]
[EventDate "2016.12.03"]
[EventType "swiss"]
[EventRounds "9"]
[EventCountry "ESP"]
[SourceTitle "Ajedrez en Madrid"]
[Source "lmi"]
[SourceDate "2016.12.03"]

1. d4 Nf6 2. Nc3 d5 3. Bg5 c6 4. Qd3 b5 5. Bxf6 exf6 6. e4 b4 7. Nce2 Ba6 8.
Qe3 dxe4 9. Qxe4+ Be7 10. Nf3 O-O 11. O-O-O Re8 12. Ng3 Bxf1 13. Rhxf1 Bd6 14.
Qg4 Bxg3 15. hxg3 Qd5 16. Kb1 Nd7 17. Rh1 Nf8 18. Nh4 Re4 19. f4 g6 20. Nf3 a5
21. Qh4 Qd6 22. Qh6 a4 23. f5 b3 24. cxb3 axb3 25. a3 Re2 26. Rd2 Rae8 27. g4
Qg3 28. Rd3 Qxg4 29. fxg6 Qxg6 30. Qxg6+ fxg6 31. Rxb3 Rxg2 32. Rc1 Re6 33. a4
g5 34. a5 g4 35. Nh4 Rh2 36. a6 c5 37. Ra3 Nd7 38. a7 Re8 39. a8=Q Rxa8 40.
Rxa8+ Kf7 41. Nf5 cxd4 42. Ra7 d3 43. Rxd7+ Ke6 44. Rxd3 Kxf5 45. b4 Ke4 46.
Rdd1 g3 47. Rh1 Rd2 48. Rxh7 f5 49. Re7+ Kf3 50. Rc3+ Kf2 51. Rf7 Rd5 52. Rc5
g2 53. Rxf5+ Ke3 54. Rg5 Rd1+ 55. Rc1 Rd2 56. Rg1 Rd4 57. R5xg2 Rxb4+ 58. Kc2
Rc4+ 59. Kb3 Rc8 60. Rg3+ Kf4 61. Rc3 Rb8+ 62. Kc2 Rd8 63. Rf1+ Ke4 64. Rff3
Ra8 65. Rh3 Ra2+ 66. Kb3 Ra7 67. Rh4+ Kd5 68. Rg3 Rb7+ 69. Kc3 Rc7+ 70. Kd3 Ke6
71. Rg5 Kf6 72. Ra5 Kg6 73. Rb4 Re7 74. Rb6+ Kf7 75. Kd4 Rd7+ 76. Ke5 Rc7 77.
Rab5 Rc1 78. Rf6+ 1-0

[Event "18. Open de la Constitución 2016"]
[Site "San Sebastian de los Reyes ES"]
[Date "2016.12.08"]
[Round "6.16"]
[White "Sebastian Enesco, Alex"]
[Black "Martinez Miura, Enrique"]
[Result "1-0"]
[WhiteElo "1864"]
[BlackElo "1620"]
[PlyCount "47"]
[EventDate "2016.12.03"]
[EventType "swiss"]
[EventRounds "9"]
[EventCountry "ESP"]
[SourceTitle "Ajedrez en Madrid"]
[Source "lmi"]
[SourceDate "2016.12.03"]

1. e4 e6 2. d4 d5 3. Nc3 dxe4 4. Nxe4 Nd7 5. Nf3 Be7 6. Bd3 Ngf6 7. O-O Nxe4 8.
Bxe4 Nf6 9. Bd3 O-O 10. Re1 b6 11. Ne5 Bb7 12. Ng4 Kh8 13. Nxf6 Bxf6 14. c3 Qd7
15. Re3 g6 16. Rh3 Rad8 17. Qd2 Bg7 18. Qf4 Qe7 19. Qg3 e5 20. Bg5 f6 21. Qh4
h5 22. Bxg6 fxg5 23. Qxh5+ Bh6 24. Qxh6+ 1-0

[Event "18. Open de la Constitución 2016"]
[Site "San Sebastian de los Reyes ES"]
[Date "2016.12.08"]
[Round "6.17"]
[White "Perez Cameselle, Francisco Jose"]
[Black "Reyes Penas, Sebastian"]
[Result "1-0"]
[WhiteElo "1754"]
[BlackElo "1832"]
[PlyCount "117"]
[EventDate "2016.12.03"]
[EventType "swiss"]
[EventRounds "9"]
[EventCountry "ESP"]
[SourceTitle "Ajedrez en Madrid"]
[Source "lmi"]
[SourceDate "2016.12.03"]

1. e4 c5 2. Nf3 e6 3. d3 Nc6 4. g3 g6 5. Bg2 Bg7 6. O-O Nge7 7. Nbd2 O-O 8. c3
d5 9. Qe2 b6 10. Re1 Qc7 11. Nf1 Ba6 12. e5 Rad8 13. h4 b5 14. Bf4 b4 15. N1h2
Qa5 16. Qd2 bxc3 17. bxc3 d4 18. c4 Qxd2 19. Bxd2 Rb8 20. Ng4 Rfd8 21. Rab1 Nf5
22. Nf6+ Bxf6 23. exf6 Nd6 24. Bf4 Rb6 25. Rxb6 axb6 26. Rb1 Nb4 27. Ne5 b5 28.
a3 Nxd3 29. Nxd3 Nxc4 30. Nxc5 Bc8 31. Nd3 Ba6 32. Nb4 Bc8 33. Nc6 Re8 34. Rxb5
d3 35. Rc5 d2 36. Bxd2 Nxd2 37. Ne7+ Kf8 38. Rxc8 Rxc8 39. Nxc8 Nc4 40. a4 Ke8
41. Bc6+ Kd8 42. Bb5 Ne5 43. Nd6 Kc7 44. Ne4 Nf3+ 45. Kf1 h6 46. Ke2 Nd4+ 47.
Kd3 Nb3 48. Kc4 Na5+ 49. Kb4 Nb7 50. a5 Nd8 51. Be8 Kb7 52. Nd6+ Ka6 53. Nxf7
Nxf7 54. Bxf7 Kb7 55. Bxe6 g5 56. f7 g4 57. f8=Q h5 58. Qc8+ Ka7 59. Qc7+ 1-0

[Event "18. Open de la Constitución 2016"]
[Site "San Sebastian de los Reyes ES"]
[Date "2016.12.08"]
[Round "6.18"]
[White "Alvarez Abejon, Amilcar"]
[Black "Morata Palacios, Francisco"]
[Result "1-0"]
[WhiteElo "1993"]
[BlackElo "1757"]
[PlyCount "91"]
[EventDate "2016.12.03"]
[EventType "swiss"]
[EventRounds "9"]
[EventCountry "ESP"]
[SourceTitle "Ajedrez en Madrid"]
[Source "lmi"]
[SourceDate "2016.12.03"]

1. e4 e6 2. d4 d5 3. Nc3 Bb4 4. e5 c5 5. a3 Bxc3+ 6. bxc3 Qc7 7. Qg4 Ne7 8.
Qxg7 Rg8 9. Qxh7 cxd4 10. Ne2 Nbc6 11. f4 Bd7 12. h4 dxc3 13. h5 O-O-O 14. Qd3
d4 15. h6 Rg6 16. h7 Rh8 17. g3 Nf5 18. Bg2 f6 19. exf6 Qd8 20. Rb1 a6 21. f7
Qf6 22. Bf3 Rg7 23. g4 Nd6 24. g5 Qxf7 25. Nxd4 Rgxh7 26. Rg1 Rh3 27. Qd1 Nxd4
28. Qxd4 Nb5 29. Qc5+ Bc6 30. Bxc6 bxc6 31. Qxc6+ Nc7 32. Rb7 Qh7 33. Ra7 Qh4+
34. Kf1 Rf3+ 35. Qxf3 Nd5 36. Qd3 Nc7 37. Qxc3 Rh7 38. g6 Rd7 39. Bd2 Qh5 40.
Ke1 Qh4+ 41. Kd1 Qh5+ 42. Kc1 Qh2 43. Be3 Kb8 44. g7 Kc8 45. g8=Q+ Rd8 46.
Qxc7# 1-0

[Event "18. Open de la Constitución 2016"]
[Site "San Sebastian de los Reyes ES"]
[Date "2016.12.08"]
[Round "6.19"]
[White "Stefanescu, Iulian"]
[Black "Arroyo Martinez, Fernando"]
[Result "1/2-1/2"]
[WhiteElo "1699"]
[BlackElo "1967"]
[PlyCount "58"]
[EventDate "2016.12.03"]
[EventType "swiss"]
[EventRounds "9"]
[EventCountry "ESP"]
[SourceTitle "Ajedrez en Madrid"]
[Source "lmi"]
[SourceDate "2016.12.03"]

1. b3 e5 2. Bb2 Nc6 3. e3 Nf6 4. Bb5 Bd6 5. h3 a6 6. Be2 Qe7 7. c4 O-O 8. a3 e4
9. Nc3 Re8 10. g4 h6 11. Qc2 b6 12. b4 Bb7 13. h4 Nh7 14. Nd5 Qd8 15. Rh3 Ne7
16. Qc3 f6 17. f4 Nxd5 18. cxd5 Bxd5 19. Bc4 Bxc4 20. Qxc4+ Kh8 21. g5 fxg5 22.
hxg5 Qe7 23. gxh6 Qe6 24. hxg7+ Kg8 25. Qxe6+ dxe6 26. Rh5 Be7 27. Rh6 Bd6 28.
Rh5 Be7 29. Rh6 Bd6 1/2-1/2

[Event "18. Open de la Constitución 2016"]
[Site "San Sebastian de los Reyes ES"]
[Date "2016.12.08"]
[Round "6.20"]
[White "Alonso Garuti, Luis E"]
[Black "Guzman Castro, Enrique"]
[Result "1/2-1/2"]
[WhiteElo "1844"]
[BlackElo "1742"]
[PlyCount "29"]
[EventDate "2016.12.03"]
[EventType "swiss"]
[EventRounds "9"]
[EventCountry "ESP"]
[SourceTitle "Ajedrez en Madrid"]
[Source "lmi"]
[SourceDate "2016.12.03"]

1. e4 d5 2. exd5 Qxd5 3. d4 Nf6 4. c4 Qd8 5. Nf3 Bg4 6. Be2 e6 7. O-O c5 8. Nc3
cxd4 9. Nb5 Bc5 10. Bf4 Na6 11. h3 Bh5 12. Nfxd4 Bxe2 13. Nxe2 O-O 14. a3 Qxd1
15. Raxd1 1/2-1/2

[Event "18. Open de la Constitución 2016"]
[Site "San Sebastian de los Reyes ES"]
[Date "2016.12.08"]
[Round "6.21"]
[White "Caravantes Camacho, Fernando"]
[Black "Ortega Morales, Pedro"]
[Result "1-0"]
[WhiteElo "1630"]
[BlackElo "1809"]
[PlyCount "67"]
[EventDate "2016.12.03"]
[EventType "swiss"]
[EventRounds "9"]
[EventCountry "ESP"]
[SourceTitle "Ajedrez en Madrid"]
[Source "lmi"]
[SourceDate "2016.12.03"]

1. e4 e5 2. Nf3 Nc6 3. Bc4 Be7 4. O-O Nf6 5. a3 d6 6. Nc3 O-O 7. d3 Bg4 8. Be3
a6 9. Nd5 Nxd5 10. Bxd5 Rb8 11. c3 Qd7 12. h3 Be6 13. c4 Nd8 14. Ng5 Bxd5 15.
cxd5 h6 16. Nf3 f5 17. exf5 Qxf5 18. Qc2 c6 19. dxc6 Nxc6 20. Qb3+ Qf7 21.
Qxf7+ Rxf7 22. Rac1 d5 23. Rxc6 bxc6 24. Nxe5 Rxb2 25. Nxf7 Kxf7 26. Rc1 Rb3
27. Rxc6 Rxa3 28. Rc7 Ke6 29. Rxe7+ Kf6 30. Ra7 g5 31. g4 Rxd3 32. Rxa6+ Kg7
33. Ra4 Kf6 34. Rd4 1-0

[Event "18. Open de la Constitución 2016"]
[Site "San Sebastian de los Reyes ES"]
[Date "2016.12.08"]
[Round "6.22"]
[White "Medina Balenciaga, Patricio"]
[Black "Del Campo Lobo, Joaquin"]
[Result "1/2-1/2"]
[WhiteElo "1416"]
[BlackElo "1680"]
[PlyCount "168"]
[EventDate "2016.12.03"]
[EventType "swiss"]
[EventRounds "9"]
[EventCountry "ESP"]
[SourceTitle "Ajedrez en Madrid"]
[Source "lmi"]
[SourceDate "2016.12.03"]

1. e4 e6 2. Nf3 c5 3. Bc4 Nc6 4. c3 Nge7 5. d4 cxd4 6. cxd4 d5 7. exd5 Nxd5 8.
Nc3 Bb4 9. Bd2 Nb6 10. Bb5 Bd7 11. a3 Be7 12. Be3 a6 13. Be2 O-O 14. O-O Bf6
15. Ne4 Nd5 16. Bg5 Bxg5 17. Nfxg5 f5 18. Nc5 Qxg5 19. Nxd7 Rf7 20. Nc5 Re7 21.
Re1 Qf6 22. Nb3 Rd8 23. Qd2 a5 24. Rad1 b6 25. Bb5 Na7 26. Bc4 Red7 27. Qe2 Rd6
28. Bxd5 exd5 29. Qe7 Nc6 30. Qxf6 Rxf6 31. Re2 Kf7 32. Rde1 a4 33. Nd2 Nxd4
34. Re7+ Kg6 35. Rb7 Rfd6 36. Ree7 Ne6 37. Nf3 Rc8 38. h3 d4 39. Ne5+ Kf6 40.
Nd3 Nc5 41. Rf7+ Ke6 42. Rbe7+ Kd5 43. Nb4+ Kc4 44. Rxf5 d3 45. Re1 d2 46. Rf4+
Rd4 47. Rxd4+ Kxd4 48. Rd1 Nb3 49. Kf1 Re8 50. Nc2+ Kc4 51. Nb4 b5 52. f4 Kd4
53. Kf2 Ke4 54. Na2 Kxf4 55. Nc3 Rb8 56. Nb1 Rc8 57. Nc3 Rc5 58. g3+ Kf5 59.
Ke3 h5 60. Rf1+ Ke6 61. g4 Re5+ 62. Kf2 hxg4 63. hxg4 Rg5 64. Kf3 Re5 65. Kf2
Kd6 66. Rd1 Kc5 67. Nb1 Kd4 68. Nxd2 Nxd2 69. Rxd2+ Kc4 70. Kf3 Kb3 71. Kf4 Rc5
72. g5 Rc2 73. Rd5 Kc4 74. Rd7 Rxb2 75. Rxg7 b4 76. Rc7+ Kd5 77. axb4 Rxb4+ 78.
Kf5 Rb1 79. Ra7 Rf1+ 80. Kg6 Ra1 81. Kg7 a3 82. g6 a2 83. Kg8 Ke6 84. g7 Kd6
1/2-1/2

[Event "18. Open de la Constitución 2016"]
[Site "San Sebastian de los Reyes ES"]
[Date "2016.12.08"]
[Round "6.23"]
[White "Tarrio Ocana, Jose Manuel"]
[Black "Braziunaite, Rasa"]
[Result "1-0"]
[WhiteElo "1835"]
[BlackElo "1507"]
[PlyCount "81"]
[EventDate "2016.12.03"]
[EventType "swiss"]
[EventRounds "9"]
[EventCountry "ESP"]
[SourceTitle "Ajedrez en Madrid"]
[Source "lmi"]
[SourceDate "2016.12.03"]

1. e4 g6 2. d4 Bg7 3. Nf3 d6 4. Bd3 c5 5. c3 Nc6 6. Be3 cxd4 7. Nxd4 Nxd4 8.
Bxd4 Nf6 9. O-O O-O 10. Nd2 e5 11. Be3 Ng4 12. Qe2 Nxe3 13. Qxe3 Be6 14. Rfd1
d5 15. exd5 Bxd5 16. Nb3 Qc7 17. Bb5 Bc6 18. Qc5 Rfc8 19. Bxc6 Qxc6 20. Qxc6
Rxc6 21. Rd7 b6 22. Rad1 a5 23. a4 Rac8 24. Rb7 Bf6 25. Rdd7 Rd8 26. Rxd8+ Bxd8
27. Kf1 Rd6 28. Ke2 Bg5 29. g3 Kf8 30. h4 Be7 31. Nd2 Rc6 32. Ne4 Ke8 33. Ng5
Bxg5 34. hxg5 Re6 35. Ke3 Kf8 36. Ke4 Kg7 37. f3 Kf8 38. Kd5 Ke8 39. Rc7 Kd8
40. Rxf7 Re8 41. Ra7 1-0

[Event "18. Open de la Constitución 2016"]
[Site "San Sebastian de los Reyes ES"]
[Date "2016.12.08"]
[Round "6.25"]
[White "Llamas Aliste, Alberto"]
[Black "Osuna Osuna, Francisco"]
[Result "1-0"]
[WhiteElo "1663"]
[BlackElo "1441"]
[PlyCount "96"]
[EventDate "2016.12.03"]
[EventType "swiss"]
[EventRounds "9"]
[EventCountry "ESP"]
[SourceTitle "Ajedrez en Madrid"]
[Source "lmi"]
[SourceDate "2016.12.03"]

1. e4 e5 2. Nf3 Nc6 3. Bc4 Bc5 4. c3 d6 5. d4 exd4 6. cxd4 Bb6 7. h3 h6 8. O-O
Nf6 9. Nc3 Bd7 10. e5 dxe5 11. dxe5 Nh7 12. Nd5 Be6 13. Nxb6 axb6 14. Bxe6 fxe6
15. Qb3 Qe7 16. Bd2 Nf8 17. Rac1 Nd7 18. Rfe1 Nc5 19. Qc4 Rf8 20. b4 Ra4 21. a3
Qd7 22. Qc2 Rxf3 23. gxf3 Nd4 24. Qg6+ Kf8 25. bxc5 Nxf3+ 26. Kh1 Nxe1 27. Bxe1
Qd5+ 28. Qg2 bxc5 29. Qxd5 exd5 30. Kg2 Re4 31. Bd2 Rxe5 32. Rxc5 c6 33. Bb4
Rg5+ 34. Kf3 Ke8 35. h4 Rf5+ 36. Kg3 h5 37. f4 Kd7 38. Rc1 g6 39. Bc3 b5 40.
Be5 Rf8 41. Kf2 Ra8 42. Ra1 Ra4 43. Ke3 Ke6 44. Bd4 Kf5 45. Be5 Kg4 46. Rg1+
Kxh4 47. Bd6 c5 48. Bxc5 Rxf4 1-0